Annual report, 2019-20 (Record no. 520218)

000 -LEADER
fixed length control field 00378nam a2200121 4500
082 ## - DEWEY DECIMAL CLASSIFICATION NUMBER
Classification number A45:Y26 EMC/2019-20
100 ## - MAIN ENTRY--PERSONAL NAME
Personal name Kerala.Energy Management Centre
9 (RLIN) 9311
245 ## - TITLE STATEMENT
Title Annual report, 2019-20
260 ## - PUBLICATION, DISTRIBUTION, ETC. (IMPRINT)
Place of publication, distribution, etc Thiruvanathapuram
Name of publisher, distributor, etc The author
Date of publication, distribution, etc 2021
300 ## - PHYSICAL DESCRIPTION
Extent 113p
650 ## - SUBJECT ADDED ENTRY--TOPICAL TERM
Topical term or geographic name as entry element Energy conservation -- Kerala -- India
9 (RLIN) 9733
650 ## - SUBJECT ADDED ENTRY--TOPICAL TERM
Topical term or geographic name as entry element Energy resources -- Kerala -- India
9 (RLIN) 9734
Holdings
Withdrawn status Lost status Source of classification or shelving scheme Damaged status Koha normalized classification for sorting Not for loan Permanent location Current location Date acquired Full call number Barcode Date last seen Price effective from Koha item type
        A_45Y26_EMC_201920   Indian Institute of Public Administration Indian Institute of Public Administration 2022-07-21 A45:Y26 EMC/2019-20 gg34947 2022-07-21 2022-07-21 GG

Powered by Koha